| 000 | 00667nam a22001337a 4500 | ||
|---|---|---|---|
| 040 | _cRUA | ||
| 082 | _aVEM PHU 2021 B1-602 Or. | ||
| 100 | _aPHUON SOVANMONY,ភួន សុវណ្ណមុនី | ||
| 245 | _aHEMOPARASITES IN CHICKENS AT KOH CHORAM COMMUNE,KSACH KANDAL DISTRICT,KANDAL PROVINCE,បរាសិតក្នុងឈាមមាន់នៅឃុំកោះចូរ៉ាម ស្រុកខ្សាច់កណ្តាល ខេត្តកណ្តាល | ||
| 260 |
_aphnom penh _brua _c2021 |
||
| 300 |
_aix.39p. _bill. _c29cm. |
||
| 856 | _uhttps://drive.google.com/file/d/1TB_qC-fk3TdRLDZpBnCp8DtUNOKEwz6Y/view?usp=sharing | ||
| 942 | _cVEM | ||
| 999 |
_c21664 _d21664 |
||